Manual de direito do consumidor Tp̤icos & Controvřsias /

Detalles Bibliográficos
Autor principal: Schwartz, Fabio
Formato: eBook
Lenguaje:portugués
Publicado: Rio de Janeiro: Editora Processo, 2018
Materias:
Acceso en línea:Acceso restringido

MARC

LEADER 00000nam a22000007a 4500
005 20220816223917.0
007 cr|||| ||||
008 220816s2018 br |||||s|||| 00||0 por d
020 |a 978-85-93741-15-9 
035 |a 36823 
040 |a vLex 
090 |c 13697  |d 13697 
100 1 |a Schwartz, Fabio 
245 1 0 |a Manual de direito do consumidor  |h [Recurso electrn̤ico] :  |b Tp̤icos & Controvřsias /  |c Fabio Schwartz 
256 |a Servicio en ln̕ea 
260 |a Rio de Janeiro:  |b Editora Processo,  |c 2018 
300 |a 1 recurso electrn̤ico 
500 |a A presente obra ̌fruto da evoluȯ̂ de meu livro (j ̀esgotado) Direito do Consumidor: Tp̤icos & Controvřsias lanȧdo pela editora Impetus, o qual, para minha honra e alegria, contava com prefc̀io do querido amigo, grande consumerista, professor Ricardo Morishita. Como a estrutura foi modificada, com inm︢eros acršcimos nos capt̕ulos originais e, ainda, com a elaboraȯ̂ de um capt̕ulo completamente novo (Tp̤ico VII - A Defesa do Consumidor em Juz̕o - Arts. 81 - 104 do CDC), o trabalho ganhou corpo suficiente para ser designado como um verdadeiro Manual, razô pela qual o considero como nova obra em primeira ediȯ̂. Alm̌ das novidades referidas, o livro conta agora com um anexo especial, onde disponibilizo modelos de petiė̳s iniciais, fruto direto da minha longa experin̊cia como Defensor Pb︢lico no NUDECON, Nc︢leo de Defesa do Consumidor da Defensoria Pb︢lica do Rio de Janeiro. A expectativa, portanto, ̌continuar auxiliando o concurseiro, o estudante universitr̀io e o profissional do direito a se aperfeiȯarem ainda mais atravš do amplo panorama doutrinr̀io, jurisprudencial e prt̀ico disponibilizados, que se constituem no grande diferencial desta obra. 
506 1 |a Disponible solo en los productos indicados  |d vLex Global  |d vLex Global (Academic Edition, excluding Law Schools)  |d vLex Global (U.S. Academic Edition, Law Schools)  |d vLex Global (U.S. Academic Edition, excluding Law Schools)  |d vLex Global (Academic Edition, Law Schools) 
650 0 4 |a Derecho Civil  |z Brasil 
650 0 4 |a Consumidores Usuarios  |z Brasil 
740 0 |a vLex Libros (Servicio en ln̕ea) 
856 4 0 |u https://app.vlex.com/#/sources/36823  |z Acceso restringido 
942 |c BOOK 
999 0 |a Civil Law 
999 0 |a Consumers Users